| Tag |
First Indicator |
Second Indicator |
Subfields |
| LEADER |
00000cam a2200000 i 4500 |
| 001 |
in00000038099 |
| 005 |
20151007080828.0 |
| 008 |
761129s1944 nyu 00000 eng |
| 035 |
|
|
|a (OCoLC)02582448
|
| 035 |
|
|
|9 AAF5443AM
|
| 040 |
|
|
|a DLC
|c IQU
|d TXA
|d UtOrBLW
|
| 049 |
|
|
|a TXAM
|c [128210]
|
| 050 |
|
0 |
|a DS143
|b .S7 1944
|
| 092 |
|
|
|a 296
|b S819m
|
| 100 |
1 |
|
|a Steinberg, Milton,
|d 1903-1950.
|
| 245 |
1 |
4 |
|a The making of the modern Jew /
|c by Milton Steinberg.
|
| 264 |
|
1 |
|a New York :
|b Behrman House,
|c 1944.
|
| 300 |
|
|
|a 317 pages ;
|c 21 cm.
|
| 336 |
|
|
|a text
|b txt
|2 rdacontent
|
| 337 |
|
|
|a unmediated
|b n
|2 rdamedia
|
| 338 |
|
|
|a volume
|b nc
|2 rdacarrier
|
| 650 |
|
0 |
|a Jews
|x History
|y 70-
|
| 650 |
|
0 |
|a Jews
|x Civilization.
|
| 650 |
|
0 |
|a Jews
|x Politics and government.
|
| 999 |
|
|
|a MARS
|
| 999 |
f |
f |
|s 96c636dd-e18a-3f01-80d6-ca0759c15961
|i 29936363-8bdc-3ad1-a866-73d7f414f1c6
|t 0
|
| 952 |
f |
f |
|p ric
|a Texas A&M University
|b Rellis Campus
|c Joint Library Facility
|d Remote Storage
|t 0
|e DS143 .S7 1944
|h Library of Congress classification
|i unmediated -- volume
|m A14800630365
|
| 998 |
f |
f |
|a DS143 .S7 1944
|t 0
|l Remote Storage
|